| 000 | 00961nam a2200277Ia 4500 | ||
|---|---|---|---|
| 001 | Para_9280 | ||
| 003 | CHAP | ||
| 008 | 220125s2007 xx 000 0 und d | ||
| 010 | _a208018 | ||
| 040 | _cCHAP | ||
| 090 | _aTESIS 2066 | ||
| 100 |
_aMartínez Rodríguez, Guadalupe _972466 |
||
| 245 |
_aRompimiento de letargo en semillas de alpistillo (Phalaris minor) con diferentes temperaturas en condiciones de laboratorio / _c por Guadalupe Martínez Rodríguez |
||
| 260 |
_aChapingo, Méx. : _b el autor |
||
| 300 | _a48 h. | ||
| 502 | _aTesis (Ing. Agr. Esp. en Parasitología Agrícola) -- UACh. Departamento Parasitología Agrícola | ||
| 650 |
_aMalas hierbas _x germinación _9174450 |
||
| 710 |
_aUACh. Departamento Parasitología Agrícola _9164025 |
||
| 901 | _aTESIS 2066 | ||
| 902 | _aA | ||
| 905 | _a0000002007 aim 0000000000 00 | ||
| 910 | _a2007 | ||
| 942 | _cPARA | ||
| 942 |
_cPARA _d2 |
||
| 999 |
_c208018 _d208018 |
||